| 000 | 00421nam a2200169Ia 4500 | ||
|---|---|---|---|
| 003 | STCL | ||
| 008 | 181203s9999 xx 000 0 und d | ||
| 020 | _a9780198089209 | ||
| 040 |
_aSTCL _bEN _cSTCL |
||
| 082 | _222 | ||
| 100 | _aWebster, John C.B. | ||
| 245 | 0 | _aHistoriography of Christianity in India | |
| 260 |
_bOxford University Press _aNew Delhi _c2014 |
||
| 300 | _a273 | ||
| 546 | _aEnglish | ||
| 942 |
_2ddc _cBK |
||
| 999 |
_c85360 _d85360 |
||